| 000 | 00648nam a22001937a 4500 | ||
|---|---|---|---|
| 999 |
_c1800 _d1800 |
||
| 003 | AR-CdUCM | ||
| 008 | 190228b ||||| |||| 00| 0 spa d | ||
| 040 |
_aMUNICIPALIDAD PROVINCIAL DEL CUSCO _cBIBLIOTECA MUNICIPAL DEL CUSCO |
||
| 082 |
_a869.56 / _bP23 |
||
| 100 |
_aPaniagua D., Jorge Alberto _96616 |
||
| 245 |
_aTeatro social peruano : _bFlorandina; Lunthatani : comedias / |
||
| 260 |
_aLima : _bTalleres Graphos 100 Editores, _c[1990]. |
||
| 300 |
_a125 páginas ; _c19.5 cm. |
||
| 650 |
_aTeatro - Perú _94476 |
||
| 650 |
_aSiglo XX _98 |
||
| 650 |
_aFlorandina - Lunthatani _96617 |
||
| 942 |
_2ddc _cLIBROS |
||
| 945 |
_alccs _d2019-02-28 |
||